Представление документа в формате MARC21

Поле Инд. ПП Название Значение
Тип записи a
Библиографический уровень a
001 Контрольный номер 67e682875a43474cbb37f5ad91cca120
005 Дата корректировки 20170301143418.2
020 a ISBN 5-02-010266-0
040 a Служба первич. каталог. НБ ТвГУ
b Код языка каталог. rus
e Правила каталог. PSBO
041 0_ a Код языка текста rus
097 b Оператор novikova
100 1_ a Автор Рымко Евгений Потапович
q Полное имя Рымко Е. П.
245 10 a Заглавие Визит Никиты Хрущева в Швецию: воспоминания дипломата
260 a Место издания Москва
b Издательство Наука
520 0_ a Аннотация В данной работе автор вспоминает дипломатический визит Н. С. Хрущева в Швецию.
653 0_ a Ключевые слова Хрущев Никита Сергеевич
a Ключевые слова Воспоминания дипломата
a Ключевые слова Швеция, страна
a Ключевые слова Русско-шведские отношения
773 18 w Контрольный № источника RU/IS/BASE/318428191
t Название источника Северная Европа
d Место и дата издания Москва : Наука, 2005
g Прочая информация Вып. 5. - С. 300-312
901 t Тип документа a
920 a Оператор Нови